000 00351 a2200109 4500
001 ART_8529
005 20260410161844.0
008 260409a
245 1 0 _aNotas sobre consumo, inversión y demanda efectiva
100 1 _aGaregnani, Pierangelo
773 0 _tEl trimestre económico
_g- Vol. XLIV, Nº 175 (jul./set. 1977)
_wREV6933
999 _c24364
_d24364